000 00685nam a22002417a 4500
003 UA-OsUOA
001 69319
007 ta
008 20100616b un ||||| |||| 00| 0 ukr d
100 _aТелятников В. И.
090 _a347.962
_bТ31
942 _cBK
040 _aUA-OsUOA
_brus
_cUA-OsUOA
_dUA-OsUOA
245 _aУбеждение судьи
300 _a331 с.
955 _a2
041 _arus
080 _a347.962
020 _a5-94201-383-7
260 _aСПб
_bИздат. Р. Асланова "Юридический центр Пресс"
_c2004
650 7 _a347 Цивільне право. Судовий устрій
_2UDC
999 _c355562
_d355562